|
|
|
|
| LEADER |
00831nab a2200241 i 4500 |
| 001 |
misc62865 |
| 005 |
20221011130342.0 |
| 008 |
220519s1936 hu o 0|| fre d |
| 040 |
|
|
|a SZTE Miscellanea Repozitórium
|b hun
|
| 041 |
|
|
|a fre
|
| 041 |
|
|
|a tut
|
| 100 |
1 |
|
|a Kotwicz Wladyslaw
|
| 245 |
1 |
0 |
|a Contributions aux études altaïques
|h [elektronikus dokumentum] /
|c Kotwicz Wladyslaw
|
| 260 |
|
|
|a Nakladem Polskiego Tow. Orjentalistycznego
|b Lwów
|c 1936
|
| 300 |
|
|
|a 122-142
|c 22 cm
|
| 300 |
|
|
|a 21 p.
|c 22 cm
|
| 490 |
0 |
|
|a Rocznik Orjentalistyczny
|
| 561 |
|
|
|a Németh Gyula hagyaték
|
| 591 |
|
|
|a NOA 2906
|
| 650 |
|
4 |
|a Bölcsészettudományok
|
| 650 |
|
4 |
|a Nyelvek és irodalom
|
| 695 |
|
|
|a Összehasonlító nyelvészet - altaji nyelvek
|
| 856 |
4 |
0 |
|u http://misc.bibl.u-szeged.hu/62865/1/2906_noa_k75.pdf
|z Dokumentum-elérés
|